Colq̤uio de Propriedade Intelectual

Bibliographic Details
Main Author: Salles Pimenta, Eduardo
Format: eBook
Language:Portuguese
Published: San Pablo: Letras Jurídicas Editora, 2012
Subjects:
Online Access:Acceso restringido

MARC

LEADER 00000nam a22000007a 4500
005 20210111235510.0
007 cr|||| ||||
008 210111s2012 br |||||s|||| 00||0 por d
020 |a 978-85-8248-002-1 
035 |a 32475 
040 |a vLex 
090 |c 11080  |d 11080 
100 1 |a Salles Pimenta, Eduardo 
245 1 0 |a Colq̤uio de Propriedade Intelectual  |h [Recurso electrn̤ico] /  |c Eduardo Salles Pimenta 
256 |a Servicio en ln̕ea 
260 |a San Pablo:  |b Letras Jurídicas Editora,  |c 2012 
300 |a 1 recurso electrn̤ico 
500 |a Neste livro o leitor encontrar ̀os artigos de autores da Amřica - latina, os quais foram agraciados com o premio Dr. Ernesto Aracama Zorraqun̕, conferido pela ASDIN - Asociacin̤ de Derechos Intelectuales, entregue aos autores no INPI Instituto Nacional de la Propiedad Industrial, em Buenos Aires / Argentina. 
506 1 |a Disponible solo en los productos indicados  |d vLex Global  |d vLex Global (Academic Edition, excluding Law Schools)  |d vLex Global (U.S. Academic Edition, Law Schools)  |d vLex Global (U.S. Academic Edition, excluding Law Schools)  |d vLex Global (Academic Edition, Law Schools) 
650 0 4 |a Propiedad Intelectual  |z Brasil 
740 0 |a vLex Libros (Servicio en ln̕ea) 
856 4 0 |u http://vlex.com/source/coloquio-de-propriedade-intelectual-32475  |z Acceso restringido 
942 |c BOOK 
999 0 |a Intellectual property